| 000 | 00608cam a2200181 i 4500 | ||
|---|---|---|---|
| 005 | 20251202114943.0 | ||
| 008 | 250721s1998 jo gr 000 0 ara d | ||
| 082 | 1 | 4 |
_a213.42 _bط و ا |
| 100 | 1 |
_aطوالبة، محمد عبدالرحمن. _eمؤلف. |
|
| 245 | 1 | 2 |
_aالإمام مسلم ومنهجه في صحيحه / _cتاليف محمد عبدالرحمن طوالبه. |
| 264 | 3 | 1 |
_aعمان : _bدار عمار، _c1998. |
| 300 | _a383صفحة. | ||
| 650 | 1 | 7 | _aالحديث. |
| 650 | 1 | 7 | _aعلوم الحديث. |
| 650 | 1 | 7 | _aصحيح مسلم. |
| 942 |
_2ddc _cBK |
||
| 999 |
_c80590 _d80590 |
||